Historia del peronismo : tomo 3 /
Guardado en:
| Autor Principal: | |
|---|---|
| Formato: | Libro |
| Publicado: |
Buenos Aires :
Oriente, s/f.
|
| Materias: | |
| Etiquetas: |
Agregar Etiqueta
Sin Etiquetas, Sea el primero en etiquetar este registro!
|
| LEADER | 00577nam a22001935a 4500 | ||
|---|---|---|---|
| 001 | CEM.cems012428 | ||
| 005 | 20070330180850.0 | ||
| 008 | 130507b######################000#0#####d | ||
| 003 | CEMS | ||
| 082 | 0 | 4 | |a 982.06 |
| 100 | 1 | |a Cúneo, Alberto A., dir. | |
| 245 | 1 | 0 | |a Historia del peronismo : |b tomo 3 / |c Alberto A. Cúneo |
| 260 | |a Buenos Aires : |b Oriente, s/f. | ||
| 300 | |a 340 p. | ||
| 653 | |a Historia | ||
| 653 | |a Historia argentina | ||
| 653 | |a Historia argentina política | ||
| 653 | |a Peronismo-historia | ||
| 859 | |a CEMS |b BIB. CEMS - 11 de abril |h 982.06 |i C914 |p 23878.07 |t Ej.1 |v 3 |3 3 | ||
